000 01166nas a2200373 4500
001 BR0703835
003 BR-BrBNA
005 20231205110931.0
007 ta
008 230509b bl.|||p| |||| 00| 00por d
040 _aBR-BrBNA
_bpor
_cBiblioteca Nacional de Agricultura
041 _a(Pt)
072 _aL02; L51
100 1 _aTeixeira, R.M.A.
100 1 _aCampos, J.M. de S.
100 1 _aValadares Filho, s. de C.
100 1 _aOliveira, A.S. de
100 1 _aAssis, A.J.
100 1 _aPina, D. dos S.
245 1 _aConsumo, digestibilidade e desempenho de novilhas alimentadas com casca de café em substituição à silagem de milho
650 _aGADO HOLANDÊS
650 _aNOVILHO LEITEIRO
650 _aCASCA DE CAFÉ
650 _aNUTRIÇÃO ANIMAL
650 _aDIGESTIBILIDADE
650 _aPERFORMANCE
650 _aGANHO DE PESO
650 _aCOMPOSIÇÃO QUÍMICA
650 _aMODELO MATEMÁTICO
650 _aVALOR NUTRITIVO
773 0 _tRevista Brasileira de Zootecnia (Brazil)
_xISSN 1516-3598
_g(Jul-Aug 2007), v. 36(4) p. 968-977
_wBR0703835
909 _a202311
_bLúcia
_c55
_dLúcia Elande
942 _2AGRIS
_n0
_cANA
999 _c189827
_d189827